Shihon chikuseki to keikaku keizai /
Saved in:
| Main Author: | |
|---|---|
| Format: | Book |
| Language: | Japanese |
| Published: |
Tōkyō :
Keizaisha,
Shōwa 23 [1948]
|
| Subjects: | |
| Tags: |
Add Tag
No Tags, Be the first to tag this record!
|
| LEADER | 01519nam a2200301ua 4500 | ||
|---|---|---|---|
| 001 | 007748445-2 | ||
| 005 | 20024617121422.0 | ||
| 008 | 910308s1948 ja a b 000 0 jpn d | ||
| 035 | 0 | |a ocm33649438 | |
| 040 | |a *LWU* |b jpn |c *LWU* |d MdU |d *YNH* |d CStRLIN | ||
| 100 | 1 | |6 880-01 |a Koshimura, Shinzaburō, |d 1907- | |
| 245 | 1 | 0 | |6 880-02 |a Shihon chikuseki to keikaku keizai / |c Koshimura Shinzaburō cho. |
| 260 | |6 880-03 |a Tōkyō : |b Keizaisha, |c Shōwa 23 [1948] | ||
| 300 | |a 232 p. : |b ill. ; |c 19 cm. | ||
| 500 | |a Colophon inserted. | ||
| 504 | |a Bibliography: p. 81-84. | ||
| 505 | 0 | |6 880-04 |a Shihon chikuseki no riron to sono gen dankaiteki igi -- "Keizaihyō" no shin kadai -- Marukusu no "Keizaihyō" -- Saiseisan hyōshiki no sūgakuteki tenkai -- Keinzu hihan -- Keikaku keizai no kōsatsu -- Sengo keikaku keizai no kenkyū -- Kongo no keizai kōzō. | |
| 653 | |6 880-05 |a Shihonchikuseki. | ||
| 653 | |6 880-06 |a Keikakukeizai. | ||
| 650 | 0 | |a Capital. | |
| 880 | 1 | |6 100-01 |a 越村信三郎, |d 1907- | |
| 880 | 1 | 0 | |6 245-02 |a 資本蓄積と計畫經濟 / |c 越村信三郎著. |
| 880 | |6 260-03 |a 東京 : |b 經濟社, |c 昭和 23 [1948] | ||
| 880 | 0 | |6 505-04 |a 資本蓄積の理論とその現段階的意義 -- 「經濟表」の新課題 -- マルクスの「經濟表」 -- 再生產表式の數學的展開 -- ケインズ批判 -- 計畫經濟の考察 -- 戰後計畫經濟の硏究 -- 今後の經濟構造. | |
| 880 | |6 653-05 |a 資本蓄積. | ||
| 880 | |6 653-06 |a 計画経済. | ||
| 988 | |a 20021220 | ||
| 906 | |0 OCLC | ||


